Phases : (Record no. 1953)
[ view plain ]
| 000 -LEADER | |
|---|---|
| fixed length control field | 03542cam a2200433 i 4500 |
| 001 - CONTROL NUMBER | |
| control field | 1953 |
| 003 - CONTROL NUMBER IDENTIFIER | |
| control field | OCoLC |
| 005 - DATE AND TIME OF LATEST TRANSACTION | |
| control field | 20260413162019.0 |
| 008 - FIXED-LENGTH DATA ELEMENTS--GENERAL INFORMATION | |
| fixed length control field | 260327t20262026oncacf e 000 0aeng d |
| 040 ## - CATALOGING SOURCE | |
| Original cataloging agency | ZJI |
| Language of cataloging | eng |
| Description conventions | rda |
| Transcribing agency | ZJI |
| Modifying agency | ZJI |
| -- | L@L |
| -- | JCX |
| -- | IUK |
| -- | OCLCO |
| -- | CLE |
| -- | JAS |
| -- | OCLCO |
| -- | IMD |
| -- | YDX |
| -- | ORX |
| -- | VPW |
| 020 ## - INTERNATIONAL STANDARD BOOK NUMBER | |
| International Standard Book Number | 9781335013279 |
| Qualifying information | (hardcover) : |
| Terms of availability | $32.50 |
| 020 ## - INTERNATIONAL STANDARD BOOK NUMBER | |
| International Standard Book Number | 133501327X |
| Qualifying information | (hardcover) |
| 035 ## - SYSTEM CONTROL NUMBER | |
| System control number | (OCoLC)1581837766 |
| 050 #4 - LIBRARY OF CONGRESS CALL NUMBER | |
| Classification number | ML420 .B7714 |
| Item number | A3 2026 |
| 082 04 - DEWEY DECIMAL CLASSIFICATION NUMBER | |
| Classification number | 782.42164 |
| Edition information | 23/eng/20260403 |
| 092 ## - LOCALLY ASSIGNED DEWEY CALL NUMBER (OCLC) | |
| Classification number | Bio |
| Item number | Brandy |
| 049 ## - LOCAL HOLDINGS (OCLC) | |
| Holding library | VPW1 |
| 100 0# - MAIN ENTRY--PERSONAL NAME | |
| Personal name | Brandy, |
| Dates associated with a name | 1979- |
| Real World Object URI | https://id.oclc.org/worldcat/entity/E39PBJtcDgtcxXRQvcxkjxWhpP |
| 245 10 - TITLE STATEMENT | |
| Title | Phases : |
| Remainder of title | a memoir / |
| Statement of responsibility, etc. | Brandy with Gerrick Kennedy. |
| 264 #1 - PRODUCTION, PUBLICATION, DISTRIBUTION, MANUFACTURE, AND COPYRIGHT NOTICE | |
| Place of production, publication, distribution, manufacture | Toronto, Ontario : |
| Name of producer, publisher, distributor, manufacturer | Hanover Square Press, |
| Date of production, publication, distribution, manufacture, or copyright notice | [2026] |
| 264 #4 - PRODUCTION, PUBLICATION, DISTRIBUTION, MANUFACTURE, AND COPYRIGHT NOTICE | |
| Date of production, publication, distribution, manufacture, or copyright notice | ©2026 |
| 300 ## - PHYSICAL DESCRIPTION | |
| Extent | xvii, 362 pages, 8 unnumbered pages of plates : |
| Other physical details | illustrations (chiefly color), portraits ; |
| Dimensions | 24 cm |
| 336 ## - CONTENT TYPE | |
| Content type term | text |
| Content type code | txt |
| Source | rdacontent |
| 336 ## - CONTENT TYPE | |
| Content type term | still image |
| Content type code | sti |
| Source | rdacontent |
| 337 ## - MEDIA TYPE | |
| Media type term | unmediated |
| Media type code | n |
| Source | rdamedia |
| 338 ## - CARRIER TYPE | |
| Carrier type term | volume |
| Carrier type code | nc |
| Source | rdacarrier |
| 520 ## - SUMMARY, ETC. | |
| Summary, etc. | "The iconic, multiplatinum, Grammy Award®-winning performer Brandy brings us a raw, intimate portrait of her life, charting her journey from Mississippi churches to Hollywood spotlights. From the moment she first sang at church in McComb, Mississippi, Brandy knew her voice was special. At fourteen she landed her first record deal. At fifteen her first album went platinum. At sixteen she was starring in the hit sitcom Moesha and became the first Black actress to play Cinderella on screen alongside fairy godmother, Whitney Houston. Yet as the accolades piled up, so too did the pressure to maintain a flawless image. To onlookers, she had crafted the blueprint for the teenage "it" girl. But behind closed doors "The Vocal Bible" as she was known, was struggling. In this piercing, revelatory memoir, Brandy shares: the inside stories behind her most iconic songs and albums, her star-studded connections with Whitney Houston and Diana Ross, the affirmation of friends and family, including her brother Ray J, that helped her through challenging times; and so much more. Delving into the humble roots of her decades-spanning career, her early struggles with bullies and insecurities as a high schooler, and finally her inspirational journey to reclaim her sense of self and her autonomy as a woman in Hollywood and in music, this memoir is an insightful meditation on Brandy's life and how she rose to become the woman she is today. Told through a series of breathtaking vignettes and never-before-seen family photographs in a full-color insert, Phases is a fearless and remarkable story of hope, resilience and the strength it takes to make peace with the past."-- |
| Assigning source | Provided by publisher. |
| 600 00 - SUBJECT ADDED ENTRY--PERSONAL NAME | |
| Personal name | Brandy, |
| Dates associated with a name | 1979- |
| 650 #0 - SUBJECT ADDED ENTRY--TOPICAL TERM | |
| Topical term or geographic name entry element | African American women singers |
| Form subdivision | Biography. |
| 650 #0 - SUBJECT ADDED ENTRY--TOPICAL TERM | |
| Topical term or geographic name entry element | African American celebrities |
| Form subdivision | Biography. |
| 650 #0 - SUBJECT ADDED ENTRY--TOPICAL TERM | |
| Topical term or geographic name entry element | African American women entertainers |
| Form subdivision | Biography. |
| 650 #6 - SUBJECT ADDED ENTRY--TOPICAL TERM | |
| Topical term or geographic name entry element | Chanteuses noires américaines |
| Authority record control number or standard number | (CaQQLa)201-0288457 |
| Form subdivision | Biographies. |
| Authority record control number or standard number | (CaQQLa)201-0378258 |
| 650 #6 - SUBJECT ADDED ENTRY--TOPICAL TERM | |
| Topical term or geographic name entry element | Célébrités noires américaines |
| Authority record control number or standard number | (CaQQLa)000301772 |
| Form subdivision | Biographies. |
| Authority record control number or standard number | (CaQQLa)201-0378258 |
| 650 #6 - SUBJECT ADDED ENTRY--TOPICAL TERM | |
| Topical term or geographic name entry element | Femmes artistes du spectacle noires américaines |
| Authority record control number or standard number | (CaQQLa)201-0335400 |
| Form subdivision | Biographies. |
| Authority record control number or standard number | (CaQQLa)201-0378258 |
| 655 #7 - INDEX TERM--GENRE/FORM | |
| Genre/form data or focus term | Autobiographies. |
| Source of term | lcgft |
| 655 #7 - INDEX TERM--GENRE/FORM | |
| Genre/form data or focus term | Autobiographies. |
| Source of term | rvmgf |
| Authority record control number or standard number | (CaQQLa)RVMGF-000000520 |
| 700 1# - ADDED ENTRY--PERSONAL NAME | |
| Personal name | Kennedy, Gerrick, |
| Relator term | author. |
| Real World Object URI | https://id.oclc.org/worldcat/entity/E39PCjFkHwyxbcDmBJmcgFP3V3 |
| 910 ## - USER-OPTION DATA (OCLC) | |
| User-option data | n26/4 cr |
No items available.